Statystyki dla Polacy grający kiedykolwiek w lidze cypryjskiej.

Kliknij tutaj aby rozwiązać quiz!

Ogólne statystyki

  • Ten quiz został rozwiązany 28 razy
  • Średni wynik to 4 z 26

Statystyki odpowiedzi

KlubPozycjaPiłkarz% Poprawnych
APOELŚrodkowy napastnikŻewłakow
62%
Omonia NikozjaŚrodkowy napastnikŻurawski
62%
Apollon Limassol, AnorthosisŚrodkowy napastnikSosin
58%
Anorthosis, APOELŚrodkowy napastnikKowalczyk
54%
APOEL , Apollon LimassolLewy pomocnikKosowski
50%
AEL Limassol, EthnikosBramkarzMalarz
35%
Ethnikos, AEL LimassolBramkarzProcek
15%
APOELŚrodkowy napastnikSikora
15%
AEK LarnakaLewy obrońcaMarciniak
12%
AEL Limassol, Apollon LimassolŚrodkowy napastnikPiech
12%
AEL LimassolŚrodkowy napastnikRasiak
12%
Alki LarnakaBramkarzCierzniak
8%
AnorthosisBramkarzKowalewski
8%
AEK Larnaka, AEZ ZakakiouBramkarzTaudul
8%
Alki Larnaka, Olympiakos NikozjaBramkarzKapsa
4%
APOELŚrodkowy napastnikPiątkowski
4%
ParalimniouŚrodkowy napastnikSzczepaniak
4%
Nea SalamisBramkarzCzyżniewski
0%
GeroskipouBramkarzGieresz
0%
Omonia Nikozja, AEL LimassolŚrodkowy napastnikGikiewicz
0%
Aris LimassolOfensywny pomocnikGuerreiro
0%
Nea SalamisBramkarzJuszczyk
0%
AE PafosDefensywny pomocnikScherfchen
0%
AnorthosisBramkarzStachowiak
0%
Aris LimassolŚrodkowy obrońcaWełna
0%
Agia NapaBramkarzZając
0%

Rozkład punktacji

Percentyl według liczby udzielonych odpowiedzi

Procent ludzi z każdym wynikiem

Twoja historia wyników

Nie rozwiązałeś tego quizu